|
|
|
|
| LEADER |
01146nam a22002657a 4500 |
| 001 |
37676 |
| 003 |
BD-DhAAL |
| 005 |
20220209132559.0 |
| 008 |
220209t2003 enka|||| b||| 001 0 eng d |
| 999 |
|
|
|c 43474
|d 43474
|
| 020 |
|
|
|a 0335209629 (hbk)
|
| 020 |
|
|
|a 0335209610 (pbk)
|
| 020 |
|
|
|a 9780335209613
|
| 040 |
|
|
|a BD-DhAAL
|
| 082 |
|
|
|a 378.101
|2 22
|
| 100 |
|
|
|a Shattock, Michael
|9 45632
|
| 245 |
|
|
|a Managing successful universities /
|c Michael L. Shattock; Society for Research into Higher Education.
|
| 260 |
|
|
|a Buckingham :
|b Society for Research into Higher Education & Open University Press,
|c 2003.
|
| 300 |
|
|
|a xi, 201 pages ;
|b illustrations :
|c 24 cm.
|
| 541 |
|
|
|a Complimentary copy from BIED
|e 37676
|
| 650 |
|
|
|a Universities and colleges
|z Great Britain
|x Administration
|9 45633
|
| 710 |
|
|
|a Society for Research into Higher Education.
|9 45634
|
| 852 |
|
|
|a Ayesha Abed Library
|c BIED Collection
|
| 942 |
|
|
|2 ddc
|c BK
|
| 952 |
|
|
|0 0
|1 0
|2 ddc
|4 0
|6 378_101000000000000_SHA
|7 0
|9 69744
|a BRACUL
|b BRACUL
|c GEN
|d 2022-02-09
|e Complimentary copy from BIED
|l 0
|o 378.101 SHA
|p 3010037676
|r 2022-02-09
|w 2022-02-09
|y BK
|x Transferred from BIED to General Stacks
|